Autobiografía (Record no. 8898)

MARC details
000 -CABECERA
campo de control de longitud fija 00782nam a2200253 a 4500
001 - NÚMERO DE CONTROL
campo de control BRL_85
005 - FECHA Y HORA DE LA ÚLTIMA TRANSACCIÓN
campo de control 20190320210600.0
008 - DATOS DE LONGITUD FIJA--INFORMACIÓN GENERAL
campo de control de longitud fija 791205s1945 mx-acf####---#000-0aspa-c
041 ## - CÓDIGO DE LENGUA
Código de lengua del texto/banda sonora o título independiente spa
044 ## - CÓDIGO DEL PAÍS DE LA ENTIDAD EDITORA/PRODUCTORA
Código MARC del país mx
050 #4 - SIGNATURA TOPOGRÁFICA DE LA BIBLIOTECA DEL CONGRESO
Número de clasificación ND259.07
Número de documento/Ítem .O76 1945
100 1# - ENTRADA PRINCIPAL--NOMBRE DE PERSONA
Nombre de persona Orozco, José Clemente,
Fechas asociadas al nombre 1883-1949
9 (RLIN) 9279
245 10 - MENCIÓN DE TÍTULO
Título Autobiografía
Mención de responsabilidad, etc. José Clemente Orozco.
260 ## - PUBLICACIÓN, DISTRIBUCIÓN, ETC.
Lugar de publicación, distribución, etc. México
Nombre del editor, distribuidor, etc. Occidente
Fecha de publicación, distribución, etc. 1945
300 ## - DESCRIPCIÓN FÍSICA
Extensión 156 p.
Otras características físicas il.
Dimensiones 25 cm.
500 ## - NOTA GENERAL
Nota general Incluye proyección cronológica, otras obras y tres autorretratos
500 ## - NOTA GENERAL
Nota general Au111
600 14 - PUNTO DE ACCESO ADICIONAL DE MATERIA--NOMBRE DE PERSONA
Nombre de persona Orozco, José Clemente,
Fechas asociadas al nombre 1883-1947
Subdivisión de forma Biografías
9 (RLIN) 22864
650 14 - PUNTO DE ACCESO ADICIONAL DE MATERIA--TÉRMINO DE MATERIA
Término de materia o nombre geográfico como elemento de entrada Artistas
Subdivisión general Correspondencia, recuerdos, etc.
9 (RLIN) 22865
650 14 - PUNTO DE ACCESO ADICIONAL DE MATERIA--TÉRMINO DE MATERIA
Término de materia o nombre geográfico como elemento de entrada Autobiografía
9 (RLIN) 22866
650 14 - PUNTO DE ACCESO ADICIONAL DE MATERIA--TÉRMINO DE MATERIA
Término de materia o nombre geográfico como elemento de entrada Pintores mexicanos
9 (RLIN) 4220
902 ## - CATALOGADOR
Iniciales GRL
942 ## - ELEMENTOS DE PUNTO DE ACCESO ADICIONAL (KOHA)
Fuente del sistema de clasificación o colocación Library of Congress Classification
Tipo de ítem Koha Libros
Holdings
Estado de retiro Estado de pérdida Estado dañado No para préstamo Localización permanente Ubicación/localización actual Fecha de adquisición Número de inventario Total de préstamos Signatura topográfica completa Código de barras Fecha visto por última vez Precio válido a partir de Tipo de ítem Koha
El ejemplar forma parte de la colección y puede ser consultado según las políticas vigentes.       Biblioteca Centro de Estudios Ruth D. Lechuga Biblioteca Centro de Estudios Ruth D. Lechuga 10/10/2012 Au111   ND259.07 .O76 1945 (Au111) GRL00099 22/03/2019 22/03/2019 Libros